Análisis no lineal estático simplificado de una estructura real

שמור ב:
מידע ביבליוגרפי
מחבר ראשי: Morales Bodden, Alexander
פורמט: ספר
יצא לאור: San José, Costa Rica 1989
נושאים:
תגים: הוספת תג
אין תגיות, היה/י הראשונ/ה לתייג את הרשומה!

MARC

LEADER 00000nam a2200000Ia 4500
003 004771
005 20221231144339.0
008 140114s1989 cr a m 000 ||s d
040 |c cru CEDI 
090 |a TFG 2216 
100 |a Morales Bodden, Alexander  |9 13315 
245 |a Análisis no lineal estático simplificado de una estructura real  
260 |c 1989  |a San José, Costa Rica 
300 |a  iii, [100] hojas : ilustraciones ; 27 cm 
500 |a  Proyecto de graduacion (licenciatura en ingeniería civil)--Universidad de Costa Rica. Facultad de Ingeniería. Escuela de Ingeniería Civil  
650 |x DISEÑO DE ESTRUCTURAS  |9 13316 
942 |c TFG 
999 |c 20503  |d 20503